00931cam a2200229Ka 4500040000800000082002600008110002100034245013200055246009000187260004600277300005000323500002100373500011300394650003100507650002200538650003100560650002300591710002500614710003800639942000700677999001700684 cMZT a338 DIV 1987 A073 Or.2 aCH2M HILL (Firm)10aDraft environmental impact statement :bKing County solid waste system operating plan (transfer stations and rural landfills) /30aKing County solid waste system operating plan (transfer stations and rural landfills) a[Seattle, Wash.] :bThe Division,c[1987] a1 v. (various pagings) :bill., maps ; 28 cm. a"November 1987." a"This project is supported by a grant from the Department of Ecology under the provisions of Referendum 39." 0aRefuse and refuse disposal 0aRefuse collection 0aRefuse disposal facilities 0aSanitary landfills1 aKing County (Wash.).2 aHerrera Environmental Consultants cEK c15224d15224